[Event "ESP-chT Honor Gp2"]
[Site "Sabadell"]
[Date "2008.09.07"]
[Round "5"]
[White "Gashimov, Vugar"]
[Black "Postny, Evgeny"]
[Result "1/2-1/2"]
[WhiteElo "2717"]
[BlackElo "2661"]
[Annotator "Postny,E"]
[PlyCount "71"]
[EventDate "2008.09.03"]
[EventType "team"]
[EventRounds "5"]
[EventCountry "ESP"]
[SourceTitle "CBM 126"]
[Source "ChessBase"]
[SourceDate "2008.10.01"]
[SourceVersion "1"]
[SourceVersionDate "2008.10.01"]
[SourceQuality "1"]

1. e4 c6 2. d4 d5 3. Nc3 dxe4 4. Nxe4 Bf5 5. Ng3 Bg6 6. h4 h6 7. Nf3 Nd7 8. h5
Bh7 9. Bd3 Bxd3 10. Qxd3 e6 11. Bd2 Qc7 ({The alternative theoretical line} 
11... Ngf6 12. O-O-O Be7 {leads to a sharper play, as is usual in positions
where castling takes place on opposite sides..}) 12. O-O-O Ngf6 13. Qe2 Bd6 {
The point of this move is to prevent White from establishing the knight on e5.}
14. Nf5 Bf4 15. Ne3 {The correct move. White should avoid the exchanges as he
has some spatial superiority.} (15. Nxg7+ $2 Kf8 16. Nxe6+ fxe6 17. Qxe6 Re8
$15 {Black's extra knight is worth more than White's three pawns.}) 15... Ne4 {
An attempt for an improvement over my game versus Akopian.} (15... O-O-O 16. g3
Bxe3 17. Bxe3 Rhe8 18. Bf4 Qa5 19. Rd3 $1 Nxh5 20. Bd2 Qb5 21. a4 $1 Qd5 22.
Rh4 Nhf6 23. Ne5 g5 24. Rxh6 Nxe5 25. dxe5 Qe4 26. Rxd8+ Rxd8 27. Qxe4 Nxe4 28.
Be3 $16 {1-0 Akopian,V (2713)-Postny,E (2591)/Port Erin 2006/CBM 114 ext (66)})
(15... b5 $6 16. g3 Bxe3 17. Bxe3 Nd5 18. g4 Qa5 19. Kb1 Rb8 20. Rd3 b4 21. Rb3
Rb6 22. Bd2 O-O 23. g5 $16 {1-0 Sokolov,A (2589)-Fontaine,R (2518)/Besancon
2006/CBM 113 ext (55)}) 16. Be1 O-O-O 17. g3 Bxe3+ 18. Qxe3 Ndf6 {In general,
White has a slight edge thanks to some spatial superiority. Black's position
is a bit passive and his main goal is to get in the c6-c5 thrust. Exchanges of
pieces usually favour the side with less space, Black in this case.} 19. Qe2
$146 (19. Bb4 Nd5 20. Qxe4 Nxb4 21. a3 Nd5 22. Ne5 Nf6 23. Qe2 Rhf8 24. Rd2 Nd7
25. Rhd1 Nxe5 26. dxe5 Rxd2 27. Rxd2 Rd8 $11 {1/2-1/2 Duer,A (2420)-Scheeren,P
(2360)/Amsterdam 1980/MCD (49)}) 19... Rhe8 ({The point of 19.Qe2 is that after
} 19... c5 $2 20. Rh4 $1 Nd6 21. dxc5 {Black does not have a fork on f5 at his
disposal and gets a bad position.}) 20. Ne5 Nd6 {Again the desired c6-c5
advance does not work.} (20... c5 $6 21. Rh4 Nd6 22. dxc5 Nf5 23. Ra4 Rxd1+ 24.
Kxd1 Rd8+ 25. Bd2 $16) 21. f3 Nd7 22. f4 (22. g4 f6 23. Ng6 e5 $11) 22... f6
23. Ng6 {The white knight is somewhat isolated on g6. I expected 23.Nd3,
though, it would not pose big problems for Black either.} (23. Nd3 c5 24. dxc5
Nxc5 25. Nxc5 Qxc5 26. Bf2 Qc6 27. Bxa7 $5 {Looks crazy, but is actually
possible.} (27. Rhe1 {still keeps a marginal advantage for White.}) 27... b6
28. Qa6+ Kc7 29. Rhe1 Qb5 (29... Nc8 30. a4 Qa8 31. Rxd8 Rxd8 32. Bxb6+ Nxb6
33. Qxa8 Rxa8 34. Rxe6 Rxa4 35. Re7+ Kd6 36. Rxg7) 30. Qxb5 Nxb5 31. Rxd8 Rxd8
32. Bxb6+ Kxb6 33. Rxe6+ Kc5 {Both endgames with three pawns for a knight are
approximately balanced.}) 23... c5 24. dxc5 Nxc5 25. g4 {This move is quite
optimistic. It was safer to take the bishop away from e1 as it obstructs the
connection between White's rooks.} (25. Bf2 Nde4 26. Bxc5 Nxc5 27. b4 Na4 28.
Rxd8+ Qxd8 29. Rd1 Qb6 30. Qd3 Kb8 $11) (25. Bb4 Nde4 26. Bxc5 Nxc5 $11) 25...
Nde4 $1 {Now Black wins the fight for the d-file. The move in the text is
tactically justified as White can't win a piece by 26.b4.} 26. Rxd8+ (26. b4 $2
Rxd1+ 27. Qxd1 (27. Kxd1 $2 Qd6+ 28. Kc1 Qd4 $19 {[%cal Gd4a1]}) 27... Rd8 28.
Qe2 Nd3+ 29. Kb1 {[%tqu "En","How should Black continue?","","","d3f2","",10,
"d3e1","",0]} Ndf2 $1 (29... Nxe1 30. Qxe4 Rd1+ 31. Kb2 Nd3+ 32. Kb3 Rxh1 33.
Qxh1 Nxf4 34. Qe4 Nxg6 35. Qxe6+ Qd7 36. Qg8+ Kc7 37. Qc4+ $11) 30. Rf1 (30.
Rh2 $8 Rd1+ 31. Kb2 Nd3+ $1 32. Qxd3 Rxe1 $17 {[%cal Ge4d6,Gd6c4]} (32... Rxd3
$2 33. cxd3 $16 {[%csl Rc7,Rc8,Re4][%cal Gh2c2]})) 30... Rd1+ 31. Kb2 Nd3+ $1
32. cxd3 Qc1+ 33. Kb3 Rd2 $1 34. Bxd2 (34. Qxe4 Qc2+ 35. Ka3 Qxa2#) 34... Nxd2+
35. Ka4 Qc2+ 36. Ka3 Nc4+ 37. dxc4 Qxe2 $19) 26... Rxd8 27. Rh3 Qd6 28. Re3 Qd4
29. a3 (29. c3 $2 {loses right away to} Qa4 30. b3 (30. a3 Qb3 $19 {[%csl Rc1]
[%cal Gb3a2]}) 30... Nxb3+ $1 $19) 29... Kb8 30. Kb1 f5 31. Ka2 $2 {This move
just gives away a pawn for nothing.} (31. gxf5 exf5 32. Ne7 Qd7 33. Ng6 Ne6 {
It is possible to repeat moves by 33...Qd4 but, Black has some grounds to
think about more than a draw.} 34. Rd3 Qc7 35. Rxd8+ Qxd8 36. Qb5 Qd1+ 37. Ka2
Qxc2 38. Qe5+ Nc7 39. Qxg7 Qc4+ 40. Kb1 Qd3+ 41. Ka2 Qc4+ {with a perpetual
check.}) 31... fxg4 32. Ne5 (32. b4 $2 {I spent some time calculating this
before playing my 31st move.} Na4 33. Kb3 Nd2+ $1 34. Bxd2 (34. Kxa4 Qb2 35.
Bxd2 {leads to the same position.}) 34... Qb2+ 35. Kxa4 Qxc2+ 36. Rb3 Rd5 $1
37. Qxe6 (37. b5 Rd4+ 38. Bb4 Qxe2 $19) 37... b5+ 38. Ka5 Qc7+ 39. Ka6 Rd6+ 40.
Qxd6 Qxd6+ 41. Kxb5 Qd5+ 42. Ka4 Qxd2 $19) 32... Nf6 33. Rc3 Nfe4 {In mutual
severe time trouble I decided to repeat moves. Objectively, the wrong decision!
} (33... Qd1 $1 34. Qb5 {I was worried about this move, but Black can parry
the threat.} (34. Qe3 $142 Qd5+ 35. b3 Rc8 $17) 34... Qd5+ 35. Rc4 (35. b3 $2
Nce4 $19) (35. Ka1 Nb3+ 36. Qxb3 Qxb3 37. Rxb3 Rd1+ 38. Ka2 Rxe1 $19) 35...
Ncd7 36. Nc6+ Ka8 $19) 34. Re3 Nf6 35. Rc3 Nfe4 36. Re3 1/2-1/2

[Event "EU-ch 11th"]
[Site "Rijeka"]
[Date "2010.03.12"]
[Round "7"]
[White "Kobalia, Mihail"]
[Black "Popov, Valerij"]
[Result "0-1"]
[WhiteElo "2637"]
[BlackElo "2585"]
[Annotator "Postny,E"]
[PlyCount "74"]
[EventDate "2010.03.06"]
[EventType "swiss"]
[EventRounds "11"]
[EventCountry "CRO"]
[SourceTitle "CBM 136"]
[Source "ChessBase"]
[SourceDate "2010.05.18"]
[SourceVersion "1"]
[SourceVersionDate "2010.05.18"]
[SourceQuality "1"]

1. e4 c6 2. d4 d5 3. Nc3 dxe4 4. Nxe4 Bf5 5. Ng3 Bg6 6. h4 h6 7. Nf3 Nd7 8. h5
Bh7 9. Bd3 Bxd3 10. Qxd3 e6 11. Bd2 Ngf6 12. O-O-O Be7 ({The other alternative
is} 12... Qc7 {followed by castling to the queenside is a more positional line,
which normally leads to a position with a slight edge for White.}) 13. Ne4 Nxe4
14. Qxe4 Nf6 15. Qd3 O-O {Castling on opposte sides promise a sharp fight.} 16.
g4 {This aggressive move is typical for this opening line. Currently it is the
most topical, since the previously played 16.Ne5 and 16.Qe2 didn't yield White
any good results so far.} Qd5 (16... Nxg4 17. Rhg1 f5 ({So far nobody has
dared to grab another pawn:} 17... Nxf2 18. Qe2 (18. Qe3 Nxd1 19. Qxh6 Bf6 20.
Bf4 Bxd4 21. Be5 Be3+ 22. Qxe3 Nxe3 23. Rxg7+ Kh8 24. Rxf7+ Kg8 25. Rg7+ Kh8
$11) 18... Nxd1 19. Bxh6 Kh7 20. Bxg7 Rg8 21. h6 Qd5 22. Qxd1 $44) 18. Qe2 Qd5
(18... Qe8 19. Qxe6+ Qf7 20. Qxf7+ Rxf7 21. Ne5 Nxe5 22. dxe5 $16 {1-0 Negi,P 
(2592)-David,A (2587)/Evry 2009/CBM 130 (41)}) 19. c4 Qd6 20. Ne5 Qxd4 $4 (
20... Bf6 21. Nxg4 fxg4 22. Rxg4 $14) 21. Nxg4 fxg4 22. Rxg4 Qxf2 23. Qxe6+ Rf7
24. Rf4 {1-0 Leko,P (2751)-Topalov,V (2796)/Nice 2009/CBM 129 Extra}) 17. g5 {
White must be consequent.} Qxa2 $5 $146 (17... hxg5 18. Bxg5 Qxa2 19. h6 g6 20.
Rdg1 $1 {White doesn't have to waste a tempi on c2-c3.} Qa1+ 21. Kd2 Qa5+ 22.
Kd1 Qa1+ 23. Kd2 Qa5+ 24. Ke2 Qf5 25. h7+ Kh8 26. Qxf5 exf5 27. Ne5 Nd5 28. Bh6
$16 {1-0 Chernobai,A (2398)-Vokarev,S (2521)/Dagomys 2009/CBM 129 Extra (44)})
18. c3 hxg5 19. Bxg5 a5 {Black must rush on with his counterplay.} 20. h6 g6
21. Ne5 Kh7 22. Rdg1 (22. Qf3 Qd5 (22... a4 $2 23. Bxf6 a3 24. Kd2 Qxb2+ 25.
Kd3 $18) 23. Rh3 Qd8 (23... Qxf3 24. Rxf3 Nd5 25. Bxe7 Nxe7 26. Nxf7 $14) 24.
Rg1 a4 25. Qd3 $1 {[%csl Rg6]} (25. Bxf6 $2 Bxf6 26. Qe4 Bxe5 27. Qxe5 Rg8 $15)
25... Nd7 26. Nxf7 Rxf7 27. Bxe7 Ne5 28. Qg3 Qxe7 29. dxe5 $14) 22... a4 23.
Bxf6 a3 $1 {An important intermezzo.} 24. bxa3 $2 {As often happens, in such a
sharp position one mistake is enough to lose the game.} (24. Qb1 $1 axb2+ 25.
Kc2 Bxf6 (25... Qa4+ $4 26. Kd2 Bxf6 27. Nxg6 $1 fxg6 28. Qxg6+ (28. Rxg6 $4
Kh8 29. Rg7 {[%tqu "En","Who is winning?","","","f6g5","",5]} Bg5+ $1 30. Rxg5
(30. Ke1 Rf5 $19) 30... Rxf2+ 31. Ke3 Qc2 $19) 28... Kh8 29. h7 b1=N+ 30. Ke1
$1 $18 {[%cal Rg6g8]}) 26. Qxa2 Rxa2 27. Nd7 Be7 28. Nxf8+ Bxf8 29. Rb1 {
The endgame is dynamically balanced.}) 24... Bxf6 25. Nxf7 (25. Nd7 Be7 26.
Nxf8+ Bxf8 $17 {[%csl Rc1]}) 25... Rg8 {The direct attack was already winning
by force, but it was obviously difficult to calculate everything precisely.} (
25... Qxa3+ 26. Kd2 Qb2+ 27. Ke3 Rxf7 28. Qxg6+ Kh8 29. Qxf7 Qxc3+ 30. Ke2 Ra2+
31. Kf1 Qd3+ 32. Kg2 Qe4+ 33. Kg3 Ra3+ $19) 26. f4 Rxa3 27. Qc2 Qd5 28. Qb2 Rb3
$2 {Mutual time-trouble started to affect the quality of the game.} (28... Qa5
$1 {[%cal Ga3a1,Ga3c3] was winning on the spot.}) 29. Qc2 b5 30. Rh5 Qc4 $2 (
30... Qf3 $1 31. Qxb3 Qxf4+ 32. Kb1 Qe4+ 33. Kb2 gxh5 34. Rxg8 Kxg8 $19) 31.
Rc5 Qa4 32. Kd2 b4 33. Ra1 $2 (33. Ng5+ $1 Bxg5 34. Rgxg5 {After the
elimination of the bishop Black's attacking potential is reduced. White is
still in the game.}) 33... Qxa1 34. Qxb3 Ra8 {Now it's all over for White's
king.} 35. cxb4 Ra3 36. Qxe6 Qxd4+ 37. Ke2 Qd3+ 0-1

[Event "CHN-chT"]
[Site "China"]
[Date "2015.07.27"]
[Round "11.6"]
[White "Wei, Yi"]
[Black "Ding, Liren"]
[Result "0-1"]
[WhiteElo "2706"]
[BlackElo "2755"]
[Annotator "Primel,D"]
[PlyCount "128"]
[EventDate "2015.04.10"]
[EventType "team-match"]
[EventRounds "22"]
[EventCountry "CHN"]
[SourceTitle "EXT 2019"]
[Source "ChessBase"]
[SourceDate "2018.10.10"]
[SourceVersion "1"]
[SourceVersionDate "2018.10.10"]
[SourceQuality "1"]
[WhiteTeam "Jiangsu"]
[BlackTeam "Zhejiang"]
[WhiteTeamCountry "CHN"]
[BlackTeamCountry "CHN"]
[TimeControl "5400+30"]

1. e4 c6 2. d4 d5 3. Nc3 dxe4 4. Nxe4 Bf5 (4... Nd7 {Inarkiev,E (2688)-Ding,L 
(2730) Moscow Petrosian Memorial 2014 (5) 1/2}) (4... Nf6) 5. Ng3 Bg6 6. h4 h6
7. Nf3 e6 $5 (7... Nd7 {La grande ligne et le choix de la variante entraine
souvent des positions aigues avec des roques sur les ailes opposées}) 8. h5 (
8. Ne5 $5 Bh7 9. Bd3 Bxd3 10. Qxd3 {Anand,V (2783)-Ding,L (2707) Alekhine
Memorial 2013 (5) 1-0}) 8... Bh7 9. Bd3 Bxd3 10. Qxd3 Nf6 (10... Nd7 {[%cal
Gd8c7,Ge8c8] Aurait transposé dans la grande ligne où le K Noir préfère se
réfugier à l'aile-dame} 11. Bd2 Qc7 12. O-O-O O-O-O 13. Ne4 Ngf6) 11. Bd2 Be7
(11... c5 $5 {Anticipant le ooo}) 12. O-O-O O-O $132 {Dans la pratique, les
Noirs ont des bons résultats avec cette variante malgré l'avantage d'espace
des Blancs à l'aile-roi} 13. Ne4 (13. Kb1 c5 14. Ne4 Nc6 15. Bc3 Nb4 16. Nxf6+
Bxf6 17. Bxb4 cxb4 18. Qe4 Qb6 19. Ne5 Rad8 20. f4 Rd5 21. Rd2 Rfd8 22. Rhd1 a5
23. g4 a4 24. Rd3 Bxe5 25. fxe5 R8d7 26. Qf4 Qd8 27. Qd2 Rb5 28. Rg1 b3 29. g5
hxg5 30. Rxg5 bxc2+ 31. Kxc2 Kh8 32. Rg4 a3 33. Rxa3 Rxe5 34. Rag3 Rc5+ 35. Kb1
Qf6 36. a3 Rxh5 37. Rxg7 Qxg7 38. Rxg7 Kxg7 39. a4 Rhd5 40. a5 Rxd4 41. Qg5+
Kf8 42. Qf6 R7d5 {Yu,Y (2675)-Ding,L (2714) Danzhou 2014 0-1 (119)}) (13. Qe2
Nbd7 14. Nf1 $5 {Vallejo Pons,F (2708)-Vuckovic,B (2630) EU-ch 11th Rijeka
2010 (8) 1/2}) 13... Nxe4 $5 {La préparation des Noirs alors que presque
toutes les parties ont continué le développement avec Nbd7} (13... Nbd7 {
[%cal Gd7f6,Gc6c5]} 14. Kb1 c5 {[%cal Ga8c8]} 15. g4 $1 Nxg4 $13 {Grandelius,N
(2644)-Navara,D (2730) EU-chT (Men) 20th 2015 (2.1) 1/2}) 14. Qxe4 Qd5 15. Qg4
$5 {[%cal Gd2h6,Gg4g8] Changeant le premier par rapport à une partie jouée
par Ding Liren quelques mois plus tôt} (15. Qxd5 cxd5 16. g4 {Xu,X (2101)
-Ding,L (2710) CHN-chT China 2014 (21.4) 0-1}) 15... Kh8 16. Kb1 Nd7 $11 {
[%cal Gd7f6,Gc6c5]} 17. Qh3 (17. Nh4) 17... Rad8 (17... a5 18. g4 a4 {Jurkovic,
A (2309)-Golubovic,B (2450) Nova Gorica op 04th 1999 (8) 0-1} (18... Bb4 19. c3
Be7 20. g5 hxg5 21. h6 g6 22. h7 $44 Bf6)) 18. g4 e5 19. g5 e4 $1 20. Nh4 $146
(20. gxh6 exf3 21. hxg7+ Kxg7 22. Qg3+ Kh8 23. Rhg1 Rg8 24. Qf4 Nf6 25. Bb4 Qe4
26. Qh6+ Nh7 27. Rge1 Qxe1 28. Bxe1 Bg5 {0-1 (28) Gruber,G (2108)-Schneider
Zinner,H (2347) Aschach 2003}) 20... Bxg5 21. c4 $5 Qxc4 22. Bxg5 hxg5 23. Ng6+
$1 {[%cal Gh3h8]} Kg8 24. Ne7+ {Jouant pour le gain mais au risque de forcer
la position.} (24. Nxf8 Nxf8 25. h6) 24... Kh8 25. Ng6+ Kg8 26. Nxf8 {Après
avoir gagner du temps avec la répétition de coups, les Blancs encaissent le
matériel} Nxf8 27. h6 g6 28. Qa3 (28. h7+ $6 Kh8 $44 {Et il n'est pas facile
de progresser pour les Blancs}) 28... Qe6 29. Qxa7 Qe7 30. Rhe1 (30. Qc5 {
La centralisation de la Q était un coup candidat}) 30... g4 $1 {[%csl Rf2]}
31. a4 Kh7 32. a5 Rd7 33. Qc5 f5 34. a6 Qxc5 35. dxc5 bxa6 36. Rd6 Rc7 37. Rf6
$1 {[%cal Ge1d1,Gd1d6]} Nd7 38. Rf7+ $40 {[%csl Rc7,Rd7,Rh7] Attaque 03
pièces!} Kxh6 39. Rd1 (39. Rh1+ $6 Kg5) 39... Kg5 $1 {Une bonne case pour le
K Noir qui est à l'abri tout en pouvant essayer de soutenir la majorité Noire
} 40. Kc2 e3 $1 {[%csl Gg4][%cal Gg4g1]} 41. fxe3 g3 42. Rg7 (42. Rg1 Kg4 43.
Rg7 g5 $36) 42... g2 43. Rg1 Kf6 44. Rg8 Kf7 45. Rh8 Kg7 46. Rh2 Rb7 47. Rhxg2
Ne5 {[%csl Ge5][%cal Ge5g6]} 48. Ra1 a5 49. Ra3 (49. Rxa5 Rxb2+ 50. Kxb2 Nc4+ {
[%cal Gc4b2,Gc4a5]}) 49... Nc4 50. Rb3 Rxb3 51. Kxb3 Nxe3 $132 {[%csl Gf5,Gg6]
La R Blanche manque d'activité et la majorité soutenue par le N et le K
parait trés dangereuse} 52. Rf2 $6 (52. Rd2 {[%cal Gd2d7,Gd2d6,Gd6c6]} f4 53.
Rd7+ Kf6 54. Rd6+ Kf5 55. Rxc6 f3 56. Rc8 Kg4 (56... f2 57. Rf8+ Kg4) 57. Rf8
Nf5 58. c6 $1 {[%cal Gc6c8]} Nd4+ 59. Kc4 Nxc6 60. Rxf3) 52... g5 $15 53. Re2
f4 54. Kc3 g4 55. Kd3 Kg6 56. Re1 Kf5 $36 57. Ra1 {Trop tard} g3 58. Ke2 Ng4 $1
{[%cal Gg4h2,Gf4f3]} 59. Rxa5 Nh2 60. Ra8 f3+ 61. Ke3 f2 62. Rf8+ Ke5 63. Ke2
Kd4 64. Rf5 Kc4 0-1

[Event "Olympiad-29"]
[Site "Novi Sad"]
[Date "1990.11.24"]
[Round "7"]
[White "Ivanchuk, Vassily"]
[Black "Seirawan, Yasser"]
[Result "1/2-1/2"]
[WhiteElo "2680"]
[BlackElo "2635"]
[Annotator "Seirawan,Y"]
[PlyCount "67"]
[EventDate "1990.11.17"]
[EventType "team-swiss"]
[EventRounds "14"]
[EventCountry "YUG"]
[SourceTitle "TD"]
[Source "ChessBase"]
[SourceDate "1994.03.01"]
[SourceVersion "1"]
[SourceVersionDate "1994.03.01"]
[SourceQuality "1"]
[WhiteTeam "Soviet Union"]
[BlackTeam "US of America"]
[WhiteTeamCountry "URS"]
[BlackTeamCountry "USA"]

1. e4 c6 2. d4 d5 3. Nc3 dxe4 4. Nxe4 Bf5 5. Ng3 Bg6 6. h4 h6 7. Nf3 Nd7 8. h5
Bh7 9. Bd3 Bxd3 10. Qxd3 Ngf6 (10... Qc7) 11. Bf4 e6 (11... Qa5+ 12. Bd2 Qc7)
12. O-O-O Be7 13. c4 $5 (13. Kb1 O-O 14. Ne5 $14 (14. Ne4 Nxe4 15. Qxe4 $14))
13... b5 $5 14. c5 $1 (14. cxb5 $2 cxb5 15. Qxb5 O-O $17 {/^b}) 14... O-O 15.
Kb1 $1 a5 $1 16. Bc1 $1 {(P e2-f4)} (16. Ne4 $6 Nxe4 17. Qxe4 Rc8 18. Ne5 Nf6
19. Qe2 Nd5 20. Bc1 a4 (20... Bg5 $5)) 16... a4 17. Ne2 Qb8 $1 {(P e5, d8, c5)}
(17... Ng4 18. Rhf1 Ndf6 19. Ne1 $1 {(P f3,g4)} Nd5 20. f3 Ngf6 21. g4 $16) 18.
g4 $6 (18. Nf4 $142 $1 Rd8 19. Qc2 b4 20. Qc4 Nd5 21. Nxd5 exd5 22. Qd3) 18...
Nxg4 $8 19. Rdg1 {[#]} f5 $1 (19... Nxf2 $2 20. Qc2 $3 (20. Qe3 Nxh1 21. Qxh6 (
21. Rxg7+ Kxg7 22. Qxh6+ Kg8 23. Ng5 Bxg5 24. Qxg5+ $10) 21... Ng3 $1) 20...
Nxh1 21. Bxh6 Bf6 22. Nf4 $1 Rd8 23. Bxg7 Bxg7 24. Nxe6 $1 fxe6 25. Qg6 $18)
20. Nf4 $1 (20. Rg2 a3 $5 21. b3 e5 $1) 20... Rf7 $1 (20... Nxf2 21. Qc2 $1
Nxh1 22. Nxe6 Rf7 23. Bxh6 Bf6 24. Bf4 Qc8 25. h6 $18) 21. Qe2 e5 $2 (21... Nf8
$1 22. Nxe6 Bf6 {(P e8)} 23. Nxf8 Qxf8 24. Qe6 $6 Qc8 $17) 22. Ng6 $1 Qe8 $8 (
22... e4 23. Nxe7+ Rxe7 24. Nh4 $1 Qf8 (24... Rf7 25. Nxf5 $1) 25. Ng6 Qf7 26.
Nxe7+ Qxe7 27. f3 $1) 23. Nh2 $2 (23. Nfxe5 $1 Ndxe5 24. dxe5 Bxc5 25. Rg2 $1 {
P f3}) 23... Nxh2 24. Rxh2 Kh7 25. f3 $1 (25. dxe5 Nxc5 {(P e6)} 26. e6 Rf6 27.
Nf4 Bd6 28. Rhg2 Ra7 $1) (25. Nxe5 $2 Bxc5 $1) 25... Bf8 (25... Bf6 26. dxe5
Nxe5 27. Re1) 26. Re1 e4 $1 {P f6} 27. fxe4 Qxe4+ 28. Qxe4 fxe4 29. Rxe4 Rf5 $5
30. Re6 $2 (30. Nf4 $142 $14) 30... Rc8 31. Kc2 Kg8 32. Bd2 $6 Kf7 33. Ree2 Nf6
$138 34. Ref2 $138 {34... d5 35. h4 e7 P d8-c7} 1/2-1/2